Esencia y Eficacia de la Burocracia

Guardado en:
Bibliografiske detaljer
Hovedforfatter: Jacoby, Henry
Format: Texto
Udgivet: San José: CSUCA
Tags: Tilføj Tag
Ingen Tags, Vær først til at tagge denne postø!

MARC

LEADER 00000 a a2200000 04500
001 20524
003
040
090 |a 086200  
100 |a Jacoby, Henry  
245 |a Esencia y Eficacia de la Burocracia  
260 |a San José:   |b CSUCA  
300 |a p. 16  
999 |c 10906  |d 10906